000 00837nam a2200253Ia 4500
003 OSt
005 20220927105335.0
006 a|||||r|||| 00| 0
007 ta
008 220926b |||||||| |||| 00| 0 eng d
024 _a191872
037 _cReference Collections
040 _aRTL
_cRTL
_beng
041 _2eng
_aeng
082 _a"U:(G:55).281.P, P1/TH"
100 _aSINGH Nawal Prasad
_9371808
245 0 _aEnvirommental degradation and development in the metropolitan fringe of Delhi
260 _aDelhi
_bUniversity of Delhi
_c2001
300 _a"xii, 213p"
_ccm.
490 _a"University of Delhi, Geography (Deptt. of-), Thesis"
500 _aBibliography: P 192-209
942 _h"U:(G:55).281.P, P1/TH"
_cCC
999 _c691979
_d691979